000 00717nam a2200229Ia 4500
001 1480
003 GE_BSU
008 181216s||||||||xx |||||||||||||| ||und||
040 _cGE_BSU
080 _a631.3.004(075.8)
100 _aИофинов,С.А. Лышко,Г.Н.
245 _aЭксплуатация машинно-тракторного парка
245 _bУч-к для высш. сель-хоз ин-тов
250 _a2-е изд. доп. и перераб
260 _aМосква
260 _bКолос
260 _c1984
300 _a350стр. 21см.
541 _h10л.
653 _aЭксплуатация машинно-тракторного парка
942 _cBK
999 _c35614
_d35614